Sri Gure-Gita/ (Record no. 201391)

MARC details
000 -LEADER
fixed length control field 00555nam a22001697a 4500
005 - DATE AND TIME OF LATEST TRANSACTION
control field 20240312105603.0
008 - FIXED-LENGTH DATA ELEMENTS--GENERAL INFORMATION
fixed length control field 090826t xxu||||| |||| 00| 0 eng d
010 ## - LCCN (DPL NO)
LC control number ENG-139649
020 ## - INTERNATIONAL STANDARD BOOK NUMBER
International Standard Book Number 9789351202417
Terms of availability 250.00
035 ## - SYSTEM CONTROL NUMBER
System control number EN-123181
037 ## - SOURCE OF ACQUISITION
Source of stock number/acquisition DBAD/PUB
082 ## - DEWEY DECIMAL CLASSIFICATION NUMBER
Classification number 230.1
245 ## - TITLE STATEMENT
Title Sri Gure-Gita/
Statement of responsibility, etc Commentary By Swamy Muralidharan
300 ## - PHYSICAL DESCRIPTION
Extent 159p;
Dimensions 20cm(pbk)
700 ## - ADDED ENTRY--PERSONAL NAME
Personal name Commentary By Swamy Muralidharan
9 (RLIN) 63083
942 ## - ADDED ENTRY ELEMENTS (KOHA)
Source of classification or shelving scheme Dewey Decimal Classification
Item type English Books
Classification part 230.1
Call number suffix SRI
Holdings
Withdrawn status Lost status Source of classification or shelving scheme Damaged status Not for loan Collection code Home library Current library Date acquired Source of acquisition Cost, normal purchase price Total Checkouts Full call number Barcode Date last seen Copy number Cost, replacement price Koha item type
    Dewey Decimal Classification     Non-fiction Bawana Bawana 12/03/2024 DBAD 250.00   230.1 SRI EN-123181 12/03/2024 1 250.00 English Books

© Delhi Public Library
Hit Counter
free hit counter